Medicina interna / (Record no. 57726)

MARC details
000 -LEADER
campo de control de longitud fija 00770nam a2200217 i 4500
001 - NÚMERO DE CONTROL
campo de control 57726
003 - IDENTIFICADOR DE NÚMERO DE CONTROL
campo de control ES-MaACL
005 - FECHA Y HORA DE LA ÚLTIMA TRANSACCIÓN
campo de control 20251001204324.0
007 - CAMPO FIJO DE DESCRIPCIÓN FÍSICA--INFORMACIÓN GENERAL
campo de control de longitud fija t|
008 - DATOS DE LONGITUD FIJA--INFORMACIÓN GENERAL
campo de control de longitud fija 031017s1972 sp a |||| | spa d
100 1# - ENTRADA PRINCIPAL--NOMBRE DE PERSONA
Nombre de persona Domarus, Alexander von.
9 (RLIN) 45059
245 19 - MENCIÓN DEL TÍTULO
Título Medicina interna /
Mención de responsabilidad, etc. A.V. Domarus ; continuado y redactado de nuevo por P. Farreras Valentí ; dirigido actualmente por Ciril Rozman.
250 ## - MENCION DE EDICION
Mención de edición 8ª ed. ampliamente modificada y puesta al día.
260 ## - PUBLICACIÓN, DISTRIBUCIÓN, ETC.
Lugar de publicación, distribución, etc. Barcelona :
Nombre del editor, distribuidor, etc. Marín,
Fecha de publicación, distribución, etc. 1972.
300 ## - DESCRIPCIÓN FÍSICA
Extensión 2 v. :
Otras características físicas il. ;
Dimensiones 26 c,m.
650 07 - PUNTO DE ACCESO ADICIONAL DE MATERIA--TÉRMINO DE MATERIA
Término de materia o nombre geográfico como elemento de entrada Medicina interna
Fuente del encabezamiento o término embne
9 (RLIN) 14925
700 1# - ENTRADA AGREGADA--NOMBRE PERSONAL
Nombre de persona Farreras Valentí, Pedro,
Fechas asociadas al nombre 1916-1968
9 (RLIN) 48899
700 1# - ENTRADA AGREGADA--NOMBRE PERSONAL
Nombre de persona Rozman, C. (
Fechas asociadas al nombre 1929-)
9 (RLIN) 100259
852 ## - LOCALIZACIÓN
Ubicación ES-MaACL
Número de control de estantería E-6240-41
Holdings
Estatus retirado Estado de pérdida Estado de daño No para préstamo Biblioteca de origen Biblioteca actual Ubicación en estantería Fecha de adquisición Fuente de adquisición Total de préstamos Signatura topográfica completa Código de barras Visto por última vez Precio de reemplazo Tipo de ítem Koha
        Biblioteca del Ateneo de Madrid Biblioteca del Ateneo de Madrid Depósito 2 17/01/2008     E-6240-41 1060594 23/02/2023 23/02/2023 Libro impreso